Fast and furious movies by name. - Statistics

General Stats
  • This quiz has been taken 1,485 times
  • The average score is 5 of 7
Answer Stats
Hint Answer % Correct
(2009) Number 4 Fast & Furious
93%
(2006) Number 3 The Fast And The Furious Tokyo Drift
91%
(2003) Number 2 2 Fast 2 Furious
85%
(2001) Number 1 The Fast And The Furious
81%
(2011) Number 5 Fast Five
68%
(2013) Number 6 Fast & Furious 6
59%
(2015) Number 7 Furious 7
52%
No matching quizzes found
Score Distribution
Percent of People with Each Score
Percentile by Number Answered
Your Score History
You have not taken this quiz